| 000 | 00623nam a2200181Ia 4500 | ||
|---|---|---|---|
| 003 | GCL | ||
| 008 | 140319s9999 xx 000 0 ara d | ||
| 040 |
_aGCL / _cGCL |
||
| 082 | 0 | 4 |
_a823.03 _bج ر |
| 100 | 1 | _aجاكلين محمد عبدالوهاب | |
| 245 | 1 | 0 |
_aروبن هود / _cجاكلين محمد عبدالوهاب |
| 260 |
_aالاردن : _bدار الكتاب الثقافى ، _c2005 |
||
| 300 |
_a91 ص ؛ _c16 سم |
||
| 650 | 0 | 4 | _aالقصص الانجليزية المترجمة |
| 650 | 0 | 4 | _aالادب الانجليزى |
| 650 | 0 | 4 | _aالادب الانجليزى المترجم |
| 942 |
_2ddc _cBK |
||
| 999 |
_c8410 _d8410 |
||